Obchodní jednání a národní zvyklosti: Izrael

Obchodné rokovania. Podniková kultúra. Medziľudské vzťahy. Kibucy. Komunikácia. Spoločenský kontakt. Kultúrne osobitosti.

Gespeichert in:
Bibliographische Detailangaben
1. Verfasser: Charvát, Jiří
Format: Buchkapitel
Sprache:Tschechisch
Schlagworte:
Tags: Tag hinzufügen
Keine Tags, Fügen Sie das erste Tag hinzu!

MARC

LEADER 00000naa$a2200000$$$4500
001 0010276
005 20230908091034.1
041 0 |a cze 
044 |a CZ 
245 1 0 |a Obchodní jednání a národní zvyklosti: Izrael  |c aut. Jiří Charvát 
520 |a Obchodné rokovania. Podniková kultúra. Medziľudské vzťahy. Kibucy. Komunikácia. Spoločenský kontakt. Kultúrne osobitosti. 
610 2 0 |a rokovania obchodné 
610 2 0 |a partneri obchodní 
610 2 0 |a Izrael 
610 2 0 |a zvyklosti obchodné 
610 2 0 |a komunikácia 
100 1 |a Charvát, Jiří